000 00749nas a2200217 4500
001 BR9209363
003 BR-BrBNA
005 20231205093248.0
007 ta
008 230509b bl.|||p| |||| 00| 00por d
040 _aBR-BrBNA
_bpor
_cBiblioteca Nacional de Agricultura
041 _a(Pt)
072 _aL60
100 1 _aAlvarez, M.P.J.
245 1 _aEstudo do desenvolvimento de Lucifer faxoni Borradaille, 1915 (Crustacea, Decapoda, Sergestidae)atraves das medidas do somito pre-bucal
650 _aTAXONOMIA ANIMAL
650 _aDISTRIBUICAO GEOGRAFICA
773 0 _tRevista Brasileira de Zoologia (Brazil)
_xISSN 0101-8175
_g(Sep 1988), v. 5(3) p. 371-379
_wBR9209363
909 _a202311
_bLúcia
_c55
_dLúcia Elande
942 _2AGRIS
_n0
_cANA
999 _c137155
_d137155